000 00273nam a22001217a 4500
008 181219b xxu||||| |||| 00| 0 eng d
041 _aeng
080 _a721
100 _a45
101 _aark
245 _aGreat Architecture Of The World
_cJulius.J
942 _2udc
_cBK
999 _c53491
_d53491